| 000 | 00523nac a22001571u 4500 | ||
|---|---|---|---|
| 008 | 080901s1938 ua||||||r||| 000 0dra d | ||
| 082 |
_a181 _bغ ل ا _222 |
||
| 245 |
_aالفلسفة الشرقية/ _cتأليف محمد غلاب |
||
| 260 |
_aالقاهرة: _b[د.م] _c1938 |
||
| 300 |
_a352 ص؛ _c24سم |
||
| 504 | _aببليوجرافية: ص346-348 | ||
| 511 | _aCatalogued by: Sara | ||
| 541 | _aالف باء؛ | ||
| 650 |
_aالبراهما (فلسفة) _916635 |
||
| 942 |
_cBB _k181غ ل ا _2ddc |
||
| 999 |
_c7245 _d7245 |
||